Súčasná zahraničná a bezpečnostná politika Maďarska diplomová práca

Guardado en:
Detalles Bibliográficos
Autor principal: Štofaňáková, Radka
Autor Corporativo: Fakulta medzinárodných vzťahov EU. Katedra medzinárodných politických vzťahov
Otros Autores: Csányi, Peter, 1978-
Formato: Libro
Lenguaje:eslovaco
Publicado: Bratislava 2023
Etiquetas: Agregar Etiqueta
Sin Etiquetas, Sea el primero en etiquetar este registro!

MARC

LEADER 00000nbm a2200000 4500
001 0293174
005 20240613131827.1
041 0 |a slo 
044 |a SK 
245 1 0 |a Súčasná zahraničná a bezpečnostná politika Maďarska  |b diplomová práca  |c Radka Štofaňáková ; školiteľ: Peter Csányi 
264 1 |a Bratislava  |c 2023 
300 |a 71 s. 
100 1 |a Štofaňáková, Radka 
700 1 |a Csányi, Peter, 1978- 
710 2 |a Fakulta medzinárodných vzťahov EU. Katedra medzinárodných politických vzťahov